000 00507nam a2200169Ia 4500
005 20250508163117.0
008 008 250505s9999 xx 000 0 eng d
037 _aTextual
040 _aFEDL
_beng
_cFEDL
041 _aeng
_2eng
084 _a378.954, UNI
_qFEDL
245 0 _aUniversity grants commission : Report for the year 1973-74
260 _aNew Delhi, India
_bUniversity Grants Commission
_c1976
300 _a91p.
942 _cTEXL
_h378.954, UNI
999 _c1380899
_d1380899